[Event "IRQ-chT 29th"]
[Site "Baghdad"]
[Date "2017.03.24"]
[Round "10"]
[White "Emad, Mohsan Moosa"]
[Black "Sajjad, Abbas Khudhair"]
[Result "0-1"]
[WhiteElo "1982"]
[BlackElo "1633"]
[PlyCount "76"]
[EventDate "2017.03.09"]
[EventType "team-match"]
[EventRounds "11"]
[EventCountry "IRQ"]
[SourceTitle "CBM 177 Extra"]
[Source "ChessBase"]
[SourceDate "2017.04.27"]
[SourceVersion "1"]
[SourceVersionDate "2017.04.27"]
[SourceQuality "1"]
[WhiteTeam "Engineers"]
[BlackTeam "Al Raseel"]
[WhiteTeamCountry "IRQ"]
[BlackTeamCountry "IRQ"]

1. e4 e5 2. Nf3 Nc6 3. Bb5 Nf6 4. d3 d6 5. c3 Be7 6. Nbd2 0-0 7. 0-0 Bd7 8. Ba4 Re8 9. Re1 Bf8 10. Nf1 g6 11. Bg5 h6 12. Bh4 Bg7 13. Ne3 Ne7 14. Bb3 c5 15. a4 Qc7 16. Nd2 g5 17. Bg3 Ng6 18. Nd5 Nxd5 19. Bxd5 Be6 20. Qb3 Bxd5 21. Qxd5 Qc6 22. Qb3 Rab8 23. Nc4 d5 24. Na5 Qc7 25. exd5 Qxa5 26. f3 Qd8 27. d4 cxd4 28. cxd4 Nf4 29. dxe5 Qxd5 30. Qxd5 Nxd5 31. Rad1 Nf4 32. Bf2 Bxe5 33. Bxa7 Ra8 34. Bc5 Bxb2 35. Rxe8+ Rxe8 36. Rd2 Re2 37. Rxe2 Nxe2+ 38. Kf2 Bd4+ 0-1

[Event "IRQ-ch final first Stage"]
[Site "Baghdad"]
[Date "2013.10.10"]
[Round "2"]
[White "Emad, Mohsan Moosa"]
[Black "Ahmed, Ali Layth Ahmed"]
[Result "0-1"]
[WhiteElo "2060"]
[BlackElo "2288"]
[PlyCount "66"]
[EventDate "2013.10.09"]
[EventType "swiss"]
[EventRounds "9"]
[EventCountry "IRQ"]
[SourceTitle "EXT 2018"]
[Source "ChessBase"]
[SourceDate "2017.10.13"]
[SourceVersion "1"]
[SourceVersionDate "2017.10.13"]
[SourceQuality "1"]

1. e4 c6 2. d3 d5 3. Qe2 dxe4 4. dxe4 e5 5. Nc3 Bb4 6. Bd2 Nf6 7. 0-0-0 Qe7 8. Kb1 Nbd7 9. h3 0-0 10. g4 Nb6 11. g5 Nfd7 12. Nf3 Rd8 13. Nh4 g6 14. Rg1 Nc5 15. Rg3 Ne6 16. Qe1 a5 17. Nf3 Nd4 18. a3 Bc5 19. Bd3 Qc7 20. Nxd4 Bxd4 21. Ne2 Na4 22. Nxd4 exd4 23. Bc4 b5 24. Ba2 Nc5 25. Rf3 Be6 26. Bf4 Bxa2+ 27. Kxa2 Qe7 28. e5 b4 29. Qe2 Qe6+ 30. Ka1 d3 31. cxd3 Nb3+ 32. Kb1 Nd4 33. Qe4 Qb3 0-1